Un soldado de España / (Record no. 77247)

MARC details
000 -LEADER
campo de control de longitud fija 00641nam a2200205 i 4500
001 - NÚMERO DE CONTROL
campo de control 77247
003 - IDENTIFICADOR DE NÚMERO DE CONTROL
campo de control ES-MaACL
007 - CAMPO FIJO DE DESCRIPCIÓN FÍSICA--INFORMACIÓN GENERAL
campo de control de longitud fija t|
008 - DATOS DE LONGITUD FIJA--INFORMACIÓN GENERAL
campo de control de longitud fija 041007s1983 sp ||||1| spa d
100 1# - ENTRADA PRINCIPAL--NOMBRE DE PERSONA
Nombre de persona Gutiérrez Mellado, Manuel.
9 (RLIN) 61185
245 13 - MENCIÓN DEL TÍTULO
Título Un soldado de España /
Mención de responsabilidad, etc. Manuel Gutiérrez Mellado ; conversaciones con Jesús Picatoste.
250 ## - MENCION DE EDICION
Mención de edición [1ª ed.].
260 ## - PUBLICACIÓN, DISTRIBUCIÓN, ETC.
Lugar de publicación, distribución, etc. [Barcelona] :
Nombre del editor, distribuidor, etc. Argos Vergara,
Fecha de publicación, distribución, etc. [1983]
300 ## - DESCRIPCIÓN FÍSICA
Extensión 174 p., 16 lám. ;
Dimensiones 22 cm.
490 1# - MENCIÓN DE SERIE
Mención de serie Primera plana ;
Designación de volumen o secuencia 20
700 1# - ENTRADA AGREGADA--NOMBRE PERSONAL
Nombre de persona Picatoste, Jesús.
9 (RLIN) 91803
830 0# - PUNTO DE ACCESO ADICIONAL DE SERIE-TÍTULO UNIFORME
Título uniforme Primera plana ;
Designación de volumen o secuencia 20
9 (RLIN) 180521
852 ## - LOCALIZACIÓN
Ubicación ES-MaACL
Número de control de estantería L-8352
Sublocalización o colección R.105058
Holdings
Estatus retirado Estado de pérdida Estado de daño No para préstamo Biblioteca de origen Biblioteca actual Ubicación en estantería Fecha de adquisición Fuente de adquisición Total de préstamos Signatura topográfica completa Código de barras Visto por última vez Precio de reemplazo Tipo de ítem Koha
        Biblioteca del Ateneo de Madrid Biblioteca del Ateneo de Madrid Depósito 2 17/01/2008     L-8352 1080822 23/02/2023 23/02/2023 Libro impreso